000 00487cam a2200193ua 4500
001 10274
008 180223n ii |||gr||||Z||||||asm
020 _a8173392587
040 _cMAIN
082 _a891.4512
100 _aGoswami, Kesavananda Dev,
_eAuthor.
245 _aAnkiya bhaona
_cBy Kesavananda Dev Goswami
250 _a4th ed.
260 _aDibrugarh:
_bBanalata,
_c2011.
300 _a96p.
653 _aTraditional Assamese drama
653 _aAssamese drama
942 _cBK
999 _c9269
_d9269